Compendio de histología / (Registro nro. 38029)
[ vista simple ]
| 000 -LEADER | |
|---|---|
| fixed length control field | 01260cam a2200325 i 4500 |
| 001 - CONTROL NUMBER | |
| control field | 38029 |
| 003 - CONTROL NUMBER IDENTIFIER | |
| control field | Mx-PuUPA |
| 005 - DATE AND TIME OF LATEST TRANSACTION | |
| control field | 20240410103800.0 |
| 008 - FIXED-LENGTH DATA ELEMENTS--GENERAL INFORMATION | |
| fixed length control field | 140415s1999 sp a r 000 0 spa d |
| 020 ## - INTERNATIONAL STANDARD BOOK NUMBER | |
| International Standard Book Number | 8448602641 |
| 040 ## - CATALOGING SOURCE | |
| Original cataloging agency | Mx-PuUPA |
| Language of cataloging | spa |
| Transcribing agency | Mx-PuUPA |
| Modifying agency | Mx-PuUPA |
| Description conventions | rda |
| 041 1# - LANGUAGE CODE | |
| Language code of text/sound track or separate title | spa |
| Language code of original | eng |
| 100 1# - MAIN ENTRY--PERSONAL NAME | |
| Personal name | Fawcett, Don W. |
| Dates associated with a name | 1917-2009 |
| Fuller form of name | (Don Wayne), |
| Relator term | autor |
| 240 1# - UNIFORM TITLE | |
| Uniform title | Concise histology. |
| Language of a work | Español |
| 245 10 - TITLE STATEMENT | |
| Title | Compendio de histología / |
| Remainder of title | Don W. Fawcett, Ronald P. Jensh ; traducción, F. Ruiz Ayuso |
| 250 ## - EDITION STATEMENT | |
| Edition statement | Primera edición |
| 264 #4 - PRODUCTION, PUBLICATION, DISTRIBUTION, MANUFACTURE, AND COPYRIGHT NOTICE | |
| Place of production, publication, distribution, manufacture | Aravaca, Madrid : |
| Name of producer, publisher, distributor, manufacturer | McGraw-Hill Interamericana de España, |
| Date of production, publication, distribution, manufacture, or copyright notice | ©1999 |
| 300 ## - PHYSICAL DESCRIPTION | |
| Extent | 326 páginas : |
| Other physical details | 32 láminas (a color) ; |
| Dimensions | 28 cm |
| 336 ## - CONTENT TYPE | |
| Content type term | texto |
| Fuente | rdacontent |
| Content type code | txt |
| 337 ## - MEDIA TYPE | |
| Media type term | sin medio |
| Source | rdamedia |
| Media type code | n |
| 338 ## - CARRIER TYPE | |
| Carrier type term | volumen |
| Source | rdacarrier |
| Carrier type code | nc |
| 650 #4 - SUBJECT ADDED ENTRY--TOPICAL TERM | |
| Topical term or geographic name entry element | Histología |
| 700 1# - ADDED ENTRY--PERSONAL NAME | |
| Personal name | Jensh, Ronald P., |
| Relator term | autor |
| 700 1# - ADDED ENTRY--PERSONAL NAME | |
| Personal name | Ruiz Ayuso, F., |
| Relator term | traductor |
| 765 18 - ORIGINAL LANGUAGE ENTRY | |
| Main entry heading | Fawcett, Don W. |
| Edition | Primera edición |
| Place, publisher, and date of publication | [Lugar de publicación no identificada] : Chapman & Hall, ©1997 |
| Title | Concise histology. |
| International Standard Book Number | 0412079712 |
| 942 ## - ADDED ENTRY ELEMENTS (KOHA) | |
| Source of classification or shelving scheme | Dewey Decimal Classification |
| Koha item type | Libro |
| Classification part | 611.0181 |
| Item part | F278 |
| Withdrawn status | Lost status | Source of classification or shelving scheme | Damaged status | Not for loan | Home library | Current library | Date acquired | Source of acquisition | Total Checkouts | Full call number | Barcode | Price effective from | Koha item type | Collection code | Shelving location | Date last seen | Date last checked out | Total Renewals |
|---|---|---|---|---|---|---|---|---|---|---|---|---|---|---|---|---|---|---|
| Extraviado | Dewey Decimal Classification | Biblioteca Karol Wojtyla | Biblioteca Karol Wojtyla | 03/12/2013 | Compra | 611.0181 FAW | 57150 | 03/12/2013 | Libro | |||||||||
| Extraviado | Dewey Decimal Classification | Biblioteca Karol Wojtyla | Biblioteca Karol Wojtyla | 03/12/2013 | Compra | 611.0181 FAW | 57152 | 03/12/2013 | Libro | |||||||||
| Dewey Decimal Classification | Biblioteca Karol Wojtyla | Biblioteca Karol Wojtyla | 03/12/2013 | Compra | 5 | 611.0181 FAW | 57151 | 03/12/2013 | Libro | General | Sala general | 05/01/2026 | 06/12/2019 | |||||
| Extraviado | Dewey Decimal Classification | Biblioteca Karol Wojtyla | Biblioteca Karol Wojtyla | 03/12/2013 | Compra | 611.0181 FAW | 57153 | 03/12/2013 | Libro | |||||||||
| Dewey Decimal Classification | Biblioteca Karol Wojtyla | Biblioteca Karol Wojtyla | 03/12/2013 | Compra | 25 | 611.0181 F278 1999 | 57149 | 03/12/2013 | Libro | General | Sala general | 27/04/2026 | 17/04/2026 | 3 | ||||
| Dewey Decimal Classification | Biblioteca Karol Wojtyla | Biblioteca Karol Wojtyla | 03/12/2013 | Compra | 5 | 611.0181 FAW | 58763 | 22/08/2014 | Libro | General | Sala general | 05/01/2026 | 30/10/2019 |